Performance of VWM algorithm in the presence of impulse noise and resizing; International Journal of Reasoning-based Intelligent Systems; Vol. 12, iss. 3
| Parent link: | International Journal of Reasoning-based Intelligent Systems Vol. 12, iss. 3.— 2020 |
|---|---|
| Autor principal: | |
| Autor corporatiu: | |
| Altres autors: | , |
| Sumari: | Title screen The first part of this paper describes visible watermarking (VWM) algorithm for inserting and removing visible watermark in the image. The second part of this paper describes an experiment in which the image is watermarked with the VWM algorithm, impulse noise is added, and the image quality is improved with the MDB algorithm for filtering. Watermark is removed from noised and filtered image. Afterwards, an experiment is described in which resizing of the noised watermarked image is performed. Watermark is removed from this image. Finally, a comparative analysis of the results is performed in order to evaluate the efficiency of the applied algorithms. The comparison was performed on the basis of MSE and similarity. The obtained results are analysed in detail and presented in a tabular and graphical manner. |
| Idioma: | anglès |
| Publicat: |
2020
|
| Matèries: | |
| Accés en línia: | https://dx.doi.org/10.1504 / IJRIS.2020.109646 |
| Format: | MixedMaterials Electrònic Capítol de llibre |
| KOHA link: | https://koha.lib.tpu.ru/cgi-bin/koha/opac-detail.pl?biblionumber=663630 |
MARC
| LEADER | 00000naa0a2200000 4500 | ||
|---|---|---|---|
| 001 | 663630 | ||
| 005 | 20250514111100.0 | ||
| 035 | |a (RuTPU)RU\TPU\network\34800 | ||
| 035 | |a RU\TPU\network\33972 | ||
| 090 | |a 663630 | ||
| 100 | |a 20210220d2020 k||y0rusy50 ba | ||
| 101 | 0 | |a eng | |
| 102 | |a CH | ||
| 135 | |a drcn ---uucaa | ||
| 181 | 0 | |a i | |
| 182 | 0 | |a b | |
| 200 | 1 | |a Performance of VWM algorithm in the presence of impulse noise and resizing |f B. Prlincevic, Z. Milivojevic, S. Panich | |
| 203 | |a Text |c electronic | ||
| 300 | |a Title screen | ||
| 330 | |a The first part of this paper describes visible watermarking (VWM) algorithm for inserting and removing visible watermark in the image. The second part of this paper describes an experiment in which the image is watermarked with the VWM algorithm, impulse noise is added, and the image quality is improved with the MDB algorithm for filtering. Watermark is removed from noised and filtered image. Afterwards, an experiment is described in which resizing of the noised watermarked image is performed. Watermark is removed from this image. Finally, a comparative analysis of the results is performed in order to evaluate the efficiency of the applied algorithms. The comparison was performed on the basis of MSE and similarity. The obtained results are analysed in detail and presented in a tabular and graphical manner. | ||
| 461 | |t International Journal of Reasoning-based Intelligent Systems | ||
| 463 | |t Vol. 12, iss. 3 |d 2020 | ||
| 610 | 1 | |a электронный ресурс | |
| 610 | 1 | |a труды учёных ТПУ | |
| 610 | 1 | |a visible watermark | |
| 610 | 1 | |a VWM | |
| 610 | 1 | |a impulsive noise | |
| 610 | 1 | |a filtering | |
| 610 | 1 | |a resizing | |
| 610 | 1 | |a изменеие размера | |
| 610 | 1 | |a видимый водяной знак | |
| 610 | 1 | |a импульсный шум | |
| 610 | 1 | |a фильтрация | |
| 700 | 1 | |a Prlincevic |b B. |g Bojan | |
| 701 | 1 | |a Milivojevic |b Z. |g Zoran | |
| 701 | 1 | |a Panich |b S. |c specialist in the field of informatics and computer technology |c Researcher at Tomsk Polytechnic University, Ph.D |f 1983- |g Stefan |3 (RuTPU)RU\TPU\pers\44105 |9 21761 | |
| 712 | 0 | 2 | |a Национальный исследовательский Томский политехнический университет |b Инженерная школа информационных технологий и робототехники |b Отделение информационных технологий |3 (RuTPU)RU\TPU\col\23515 |
| 801 | 2 | |a RU |b 63413507 |c 20210220 |g RCR | |
| 850 | |a 63413507 | ||
| 856 | 4 | |u https://dx.doi.org/10.1504 / IJRIS.2020.109646 | |
| 942 | |c CF | ||